• 首页
  • 本馆介绍
  • 公告通知
  • 最新文献
  • 馆藏检索
  • 电子资源
  • 读者导购
  • 参考咨询
  • 我的图书馆
  • 登录
  • 详细信息显示
  • 放入我的书架
  • 预约/预借图书
  • 作者相关作品
  • 分类相关作品
  • 丛书相关作品
  • 出版社相关作品

书目信息

  • 表格格式
  • 工作单格式
  • 卡片格式
题名:
多元文化
    
 
作者: 豪 , 利西 著 ;刘清山 译
分册:  
出版信息: 哈尔滨   黑龙江教育出版社  2017
页数: 418页
开本: 24cm
丛书名: “前沿教育”书系
单 册:
中图分类: G40-055
科图分类:
主题词: 多元文化--文化教育--研究
电子资源:
ISBN: 978-7-5316-9107-5
000 01819oam2 2200325 450
001 5800
005 20180529222556.68
010    @a978-7-5316-9107-5@dCNY52.00
100    @a20170619d2017 em y0chiy50 ea
101 1  @achi@ceng
102    @aCN@b230000
105    @ay z 000yy
200 1  @a多元文化@9duo yuan wen hua@e当教师遭遇新挑战@dBecoming a multicultural educator@zeng@f(美)威廉·A. 豪(William A. Howe),(美)潘尼洛普·L. 利西(Penelope L. Lisi)著@g刘清山译
210    @a哈尔滨@c黑龙江教育出版社@d2017
215    @a418页@d24cm
225 1  @a“前沿教育”书系
305    @a据原书第2版译出
314    @a威廉·A. 豪 (William A. Howe),哥伦比亚大学教师学院博士,康涅狄格州奎尼匹克大学艾尔伯图斯·麦格努斯学院副教授,并多次出现在有关多元话题的广播及电视节目中。
314    @a潘尼洛普·L. 利西 (Penelope L. Lisi),中康涅狄格州立大学教育领导学院教授,研究领域为校园发展领导力以及适合多元学习需求的学习环境领导力。
330    @a本书为之前服务于以及正在服务于PK-12的教育家们提供了关键的基础,这本集挑战性与实用性于一体的书,集中介绍了成为一名多元文化教育家的关键问题及理论概念。获奖作家威廉A.豪以及潘妮洛普L.利西借助无数活动、联系以及课程计划设计,提出了契合生活的理论及研究,提高了读者的文化意识,扩充了读者的知识储备以及技能范围。为响应不断增长的对于提高学术成就以及武装教师来应对多元人口的学生团体的需求,本书指导读者如何将文化知识运用到更为有效的课堂训练中。
461  0 @12001 @a“前沿教育”书系
510 1  @aBecoming a multicultural educator@zeng
517 1  @a当教师遭遇新挑战@9dang jiao shi zao yu xin tiao zhan
606 0  @a多元文化@x文化教育@x研究
690    @aG40-055@v5
701  0 @c(美)@a豪@9hao@c(Howe, William A. )@4著
701  0 @c(美)@a利西@9li xi@c(Lisi, Penelope L. )@4著
702  0 @a刘清山@9liu qing shan@4译
801  0 @aCN@b91MARC@c20170619
905    @aMuseLib@dG40-055@e853
    
    多元文化:当教师遭遇新挑战=Becoming a multicultural educator/(美)威廉·A. 豪(William A. Howe),(美)潘尼洛普·L. 利西(Penelope L. Lisi)著/刘清山译.-哈尔滨:黑龙江教育出版社,2017
    418页;24cm.-(“前沿教育”书系)
    
    
    ISBN 978-7-5316-9107-5:CNY52.00
    本书为之前服务于以及正在服务于PK-12的教育家们提供了关键的基础,这本集挑战性与实用性于一体的书,集中介绍了成为一名多元文化教育家的关键问题及理论概念。获奖作家威廉A.豪以及潘妮洛普L.利西借助无数活动、联系以及课程计划设计,提出了契合生活的理论及研究,提高了读者的文化意识,扩充了读者的知识储备以及技能范围。为响应不断增长的对于提高学术成就以及武装教师来应对多元人口的学生团体的需求,本书指导读者如何将文化知识运用到更为有效的课堂训练中。
●
相关链接 在E读中查询图书 在五车中查询图书 在当当中查询图书 在豆瓣中查询图书


正题名:多元文化     索取号:G40-055/853         预约/预借

序号 登录号 条形码 馆藏地/架位号 状态 备注
1 1115002   211150029   第一样本阅览室/ [索取号:G40-055/853] 在馆    
2 1115003   211150038   教育系资料室/ [索取号:G40-055/853] 在馆    
3 1115004   211150047   教育系资料室/ [索取号:G40-055/853] 在馆    
4 1115005   211150056   教育系资料室/ [索取号:G40-055/853] 在馆    
5 1115006   211150065   第四借阅区/ [索取号:G40-055/853] 在馆    
6 1115007   211150074   第四借阅区/ [索取号:G40-055/853] 在馆    
唐山师范学院图书馆 欢迎您!
大连网信软件有限公司© 版权所有